Personnages de One Piece par images - Statistiques

Statistiques générales
  • Ce quiz a été pris 26 300 fois
    21 626 depuis la dernière actualisation
  • Le résultat moyen est 14 sur 16
Statistiques - réponses
Par images Réponse % Correct
Monkey D. Luffy
100%
Nami
97%
Roronoa Zoro
97%
Edward Newgate
91%
Vinsmoke Sanji
91%
Brook
90%
Tony Tony Chopper
90%
Portgas D. Ace
89%
Nico Robin
87%
Shanks
87%
Charlotte Linlin
86%
Don Quichotte Doflamingo
86%
Marshall D. Teach
86%
Usopp
86%
Crocodile
84%
Jinbei
73%
Aucun quiz correspondant
Distribution des résultats
% des personnes avec chaque résultat
Percentile par nombre de réponses
Votre historique - résultats
Vous n’avez pas pris ce quiz depuis la dernière actualisation